<?xml version="1.0" encoding="UTF-8"?>
<record
    xmlns:xsi="http://www.w3.org/2001/XMLSchema-instance"
    xsi:schemaLocation="http://www.loc.gov/MARC21/slim http://www.loc.gov/standards/marcxml/schema/MARC21slim.xsd"
    xmlns="http://www.loc.gov/MARC21/slim">

  <leader>01196nam a22002297a 4500</leader>
  <controlfield tag="003">KOHA_M&#x130;RAKIL</controlfield>
  <controlfield tag="005">20260416105613.0</controlfield>
  <controlfield tag="008">260416b        tu ||||| |||| 00| 0 tur d</controlfield>
  <datafield tag="020" ind1=" " ind2=" ">
    <subfield code="a">9755333606</subfield>
  </datafield>
  <datafield tag="040" ind1=" " ind2=" ">
    <subfield code="a">TR-AnABB</subfield>
    <subfield code="b">tur</subfield>
    <subfield code="c">TR-AnABB</subfield>
  </datafield>
  <datafield tag="041" ind1=" " ind2=" ">
    <subfield code="a">tur</subfield>
  </datafield>
  <datafield tag="082" ind1=" " ind2=" ">
    <subfield code="a">327.561</subfield>
    <subfield code="b">KAR 2003</subfield>
  </datafield>
  <datafield tag="100" ind1="1" ind2=" ">
    <subfield code="a">Karpat, Kemal H.</subfield>
  </datafield>
  <datafield tag="245" ind1="1" ind2="0">
    <subfield code="a">T&#xFC;rkiye ve orta Asya /</subfield>
    <subfield code="c">Kemal H. Karpat ; &#xE7;eviren: Hakan G&#xFC;r</subfield>
  </datafield>
  <datafield tag="250" ind1=" " ind2=" ">
    <subfield code="a">1. bask&#x131;</subfield>
  </datafield>
  <datafield tag="260" ind1=" " ind2=" ">
    <subfield code="a">Ankara :</subfield>
    <subfield code="b">&#x130;mge Kitabevi yay&#x131;nlar&#x131;,</subfield>
    <subfield code="c">2003</subfield>
  </datafield>
  <datafield tag="300" ind1=" " ind2=" ">
    <subfield code="a">393 sayfa ;</subfield>
    <subfield code="c">20 cm</subfield>
  </datafield>
  <datafield tag="505" ind1=" " ind2=" ">
    <subfield code="a">&#x130;&#xE7;indekiler: Yeni devletlerde bat&#x131;l&#x131; siyasal kurumlar&#x131;n kabul&#xFC; - Yeni devletlerde ideoloji: Son mu ba&#x15F;lang&#x131;&#xE7; m&#x131; - Asya'da Tek ya da iki partili sistemler - Eski ve yeni orta asya - Kazak ulus&#xE7;ulu&#x11F;unun k&#xF6;kleri: Etnik k&#xF6;ken mi, &#x130;slam m&#x131; veya Toprak m&#x131;? - Yakup Bey'&#x130;n Osmanl&#x131; padi&#x15F;ahlar&#x131;yla ili&#x15F;kilerinin yeniden yorumlanmas&#x131; - T&#xFC;rk-Sovyet ili&#x15F;kileri - T&#xFC;rk d&#x131;&#x15F; politikas&#x131; - Orta Asya Devletlerinin d&#x131;&#x15F; politikas&#x131;n&#x131; &#x15F;ekillendiren sosyopolitik ortam - Orta Asya &#xFC;lkeleri, T&#xFC;rkiye ve Iran'&#x131;n d&#x131;&#x15F; politikas&#x131; </subfield>
  </datafield>
  <datafield tag="650" ind1="0" ind2="4">
    <subfield code="a">D&#x131;&#x15F; Politika, T&#xFC;rkiye</subfield>
  </datafield>
  <datafield tag="900" ind1=" " ind2=" ">
    <subfield code="b">Can &#xC7;ELIK</subfield>
  </datafield>
  <datafield tag="942" ind1=" " ind2=" ">
    <subfield code="2">ddc</subfield>
    <subfield code="c">BK</subfield>
  </datafield>
  <datafield tag="952" ind1=" " ind2=" ">
    <subfield code="0">0</subfield>
    <subfield code="1">0</subfield>
    <subfield code="2">ddc</subfield>
    <subfield code="7">0</subfield>
    <subfield code="a">RUK</subfield>
    <subfield code="b">RUK</subfield>
    <subfield code="d">2026-04-16</subfield>
    <subfield code="l">0</subfield>
    <subfield code="o">327.561 KAR 2003</subfield>
    <subfield code="p">RK7175</subfield>
    <subfield code="r">2026-04-16 07:44:21</subfield>
    <subfield code="w">2026-04-16</subfield>
    <subfield code="y">BK</subfield>
  </datafield>
  <datafield tag="999" ind1=" " ind2=" ">
    <subfield code="c">10284</subfield>
    <subfield code="d">10284</subfield>
  </datafield>
</record>
